Map of Europe drawn in 5 minutes - Statistics

General Stats
  • This quiz has been taken 35 times
    34 since last reset
  • The average score is 39 of 41
Answers on the Map
Answers color-coded by a green-red scale on the quiz's map according to % correct below.
 
Answer Stats
Country % Correct
Denmark
100%
Estonia
100%
France
100%
Germany
100%
Ireland
100%
Latvia
100%
Lithuania
100%
Norway
100%
Poland
100%
Russia
100%
Sweden
100%
Switzerland
100%
United Kingdom
100%
Austria
97%
Austria
97%
Belarus
97%
Belgium
97%
Bosnia and Herzegovina
97%
Croatia
97%
Finland
97%
Greece
97%
Iceland
97%
Italy
97%
Netherlands
97%
Portugal
97%
Slovakia
97%
Spain
97%
Ukraine
97%
Andorra
93%
Bulgaria
93%
Hungary
93%
Kosovo
93%
Malta
93%
Montenegro
93%
Serbia
93%
Slovenia
93%
Albania
90%
Liechtenstein
90%
Romania
90%
Moldova
86%
North Macedonia
83%
No matching quizzes found
Score Distribution
Percent of People with Each Score
Percentile by Number Answered
Your Score History
You have not taken this quiz since the last reset